|
|
|
|
| LEADER |
00000cam a2200000 7i4500 |
| 001 |
0000036148 |
| 005 |
20130606.0 |
| 008 |
130606 |
| 020 |
|
|
|a 983987828X
|
| 090 |
0 |
0 |
|a 279.57
|b BAB
|
| 100 |
1 |
|
|a Babeli, Mahmud Mohmad
|
| 245 |
1 |
0 |
|a Persaudaraan Islam dan pembangunan sosial
|c Dr. Mahmud Mohamad Babeli; penterjemah Abdul Karim Mustafa
|
| 260 |
|
|
|a KL :
|b Yayasan Dakwah Islamiah Malaysia ,
|c 2002
|
| 650 |
|
0 |
|a Brotherliness
|x Religious aspects
|x Islam
|
| 650 |
|
0 |
|a Friendship
|x Religious aspects
|x Islam
|
| 650 |
|
0 |
|a Muslims
|x Conduct of life
|
| 650 |
|
0 |
|a Social ethics
|x Islam
|
| 700 |
0 |
|
|a Abdul Karim Mustafa
|
| 999 |
|
|
|a 0001026298
|b Book
|c Adult Collection
|e Perbadanan Perpustakaan Awam Johor
|